Statistics for Hungry Countries

Click here to take the quiz!

General Stats

  • This quiz has been taken 865 times
    (85 since last reset)
  • The average score is 6 of 9

Answer Stats

Answer% Correct
DR Congo
87%
Chad
81%
Central African Republic
78%
South Sudan
78%
Somalia
77%
Yemen
67%
Burundi
59%
Syria
49%
Madagascar
35%

Score Distribution

Percentile by Number Answered

Percent of People with Each Score

Your Score History

You have not taken this quiz since the last reset